[Event "COL-ch sf"]
[Site "Palmira"]
[Date "2020.11.16"]
[Round "8"]
[White "Quinones, Fernando"]
[Black "Gonzalez Rayo, Eilen Daniela"]
[Result "1-0"]
[WhiteElo "1695"]
[BlackElo "1159"]
[PlyCount "59"]
[EventDate "2020.11.12"]
[EventType "swiss"]
[EventRounds "8"]
[EventCountry "COL"]
[SourceTitle "CBM 199 Extra"]
[Source "ChessBase"]
[SourceDate "2021.01.31"]
[SourceVersion "1"]
[SourceVersionDate "2021.01.31"]
[SourceQuality "1"]

1. c4 c5 2. e3 Nf6 3. d4 b6 4. Nc3 d6 5. Nf3 cxd4 6. exd4 Bb7 7. Be2 e6 8. 0-0 Nc6 9. Qa4 Qd7 10. h3 g6 11. Be3 Bg7 12. Rad1 Ne7 13. Qxd7+ Nxd7 14. Nb5 Nf5 15. Nc7+ Ke7 16. Nxa8 Bxa8 17. Rfe1 Nxe3 18. fxe3 Rd8 19. Bd3 Kf8 20. e4 Nf6 21. g4 h5 22. g5 Nh7 23. h4 e5 24. d5 Kg8 25. Rc1 Nf8 26. b4 Nd7 27. a4 Rc8 28. Bf1 Nb8 29. b5 Bb7 30. Nd2 1-0

[Event "COL-ch sf"]
[Site "Palmira"]
[Date "2020.11.12"]
[Round "1"]
[White "Lopez Idarraga, Daniel Eduardo"]
[Black "Gonzalez Rayo, Eilen Daniela"]
[Result "1-0"]
[WhiteElo "2009"]
[BlackElo "1159"]
[PlyCount "81"]
[EventDate "2020.11.12"]
[EventType "swiss"]
[EventRounds "8"]
[EventCountry "COL"]
[SourceTitle "CBM 199 Extra"]
[Source "ChessBase"]
[SourceDate "2021.01.31"]
[SourceVersion "1"]
[SourceVersionDate "2021.01.31"]
[SourceQuality "1"]

1. d4 d5 2. Bf4 Nc6 3. e3 Nf6 4. c4 e6 5. Nc3 Bb4 6. a3 Bxc3+ 7. bxc3 0-0 8. Nf3 b6 9. Ne5 Nxe5 10. Bxe5 Ba6 11. Qa4 Bb7 12. Be2 dxc4 13. 0-0 Bd5 14. Bxc4 c6 15. Bxd5 cxd5 16. Rfc1 Qd7 17. Qb4 Qc6 18. c4 a5 19. Qb5 Rfc8 20. Qxc6 Rxc6 21. Bxf6 gxf6 22. cxd5 Rxc1+ 23. Rxc1 exd5 24. a4 Rb8 25. g4 b5 26. axb5 Rxb5 27. Kg2 a4 28. Rc8+ Kg7 29. Ra8 Rb4 30. Ra5 Kg6 31. Rxd5 Rb2 32. Ra5 Ra2 33. Kg3 a3 34. h4 Ra1 35. Kf4 h6 36. Ra6 Kg7 37. f3 a2 38. h5 Rb1 39. Rxa2 Rb5 40. e4 Rg5 41. Rc2 1-0

[Event "COL pre olympic sf3"]
[Site "Dosquebradas"]
[Date "2018.05.31"]
[Round "3"]
[White "Gonzalez Rayo, Eilen Daniela"]
[Black "Dabraccio, Guillermo"]
[Result "0-1"]
[WhiteElo "1246"]
[BlackElo "1620"]
[PlyCount "92"]
[EventDate "2018.05.30"]
[EventType "swiss"]
[EventRounds "10"]
[EventCountry "COL"]
[SourceTitle "CBM 184 Extra"]
[Source "ChessBase"]
[SourceDate "2018.06.28"]
[SourceVersion "1"]
[SourceVersionDate "2018.06.28"]
[SourceQuality "1"]

1. e4 c5 2. Nf3 Qc7 3. d4 cxd4 4. Nxd4 a6 5. Nc3 e6 6. Be3 Bb4 7. a3 Bxc3+ 8. bxc3 Qxc3+ 9. Ke2 Nf6 10. f3 0-0 11. Kf2 Nc6 12. Nxc6 Qxc6 13. Bd3 d5 14. Re1 dxe4 15. Be2 exf3 16. Bxf3 Qc7 17. Kg1 e5 18. Bf2 Bf5 19. Bg3 Nd7 20. Bg4 Bxg4 21. Qxg4 f5 22. Qe2 f4 23. Bh4 Rac8 24. Rac1 Qc5+ 25. Bf2 Qxa3 26. Qe4 Rc7 27. Qd5+ Kh8 28. Red1 Qe7 29. Rd3 Nf6 30. Qd6 Qxd6 31. Rxd6 Ne4 32. Re6 Nxf2 33. Kxf2 Rc5 34. Re7 b5 35. Re1 Rxc2+ 36. Kf3 Rc5 37. R1xe5 Rxe5 38. Rxe5 Rb8 39. Kxf4 b4 40. Re1 b3 41. Rb1 a5 42. Ke4 a4 43. Kd3 Rc8 44. Kd2 Rc2+ 45. Kd1 Rxg2 46. h4 Rg1+ 0-1

[Event "COL-ch sf (Women)"]
[Site "Palmira"]
[Date "2017.05.16"]
[Round "2"]
[White "Medina Barrios, Lina Maria"]
[Black "Gonzalez Rayo, Eilen Daniela"]
[Result "1-0"]
[WhiteElo "1461"]
[BlackElo "1270"]
[PlyCount "51"]
[EventDate "2017.05.15"]
[EventType "swiss"]
[EventRounds "7"]
[EventCountry "COL"]
[SourceTitle "CBM 178 Extra"]
[Source "ChessBase"]
[SourceDate "2017.06.22"]
[SourceVersion "1"]
[SourceVersionDate "2017.06.22"]
[SourceQuality "1"]

1. e4 e5 2. Nf3 Nc6 3. Bc4 Bc5 4. c3 Nf6 5. d3 d5 6. exd5 Nxd5 7. 0-0 0-0 8. a4 a5 9. Nbd2 Bf5 10. Ne4 Bxe4 11. dxe4 Nf4 12. Bxf4 exf4 13. e5 Re8 14. Re1 Qxd1 15. Raxd1 Rad8 16. Rxd8 Nxd8 17. Nd4 Bxd4 18. cxd4 Kf8 19. g3 fxg3 20. hxg3 c6 21. f4 g6 22. Rd1 Ne6 23. d5 cxd5 24. Rxd5 Nd8 25. Kf2 Re7 26. Rxd8+ 1-0

[Event "Cali Region-ch (Women)"]
[Site "Cali"]
[Date "2017.05.01"]
[Round "6"]
[White "Heilbron de la Cruz, Esther Maria"]
[Black "Gonzalez Rayo, Eilen Daniela"]
[Result "0-1"]
[WhiteElo "1663"]
[BlackElo "1270"]
[PlyCount "61"]
[EventDate "2017.04.28"]
[EventType "swiss"]
[EventRounds "7"]
[EventCountry "COL"]
[SourceTitle "CBM 178 Extra"]
[Source "ChessBase"]
[SourceDate "2017.06.22"]
[SourceVersion "1"]
[SourceVersionDate "2017.06.22"]
[SourceQuality "1"]

1. e4 e5 2. Nc3 Nc6 3. Nf3 Bc5 4. Bc4 d6 5. d3 Nf6 6. 0-0 Be6 7. Bb5 a6 8. Ba4 b5 9. Bb3 d5 10. exd5 Nxd5 11. Bg5 f6 12. Bd2 0-0 13. Nxd5 Bxd5 14. Nh4 Re8 15. Bh6 Qd7 16. Bd2 a5 17. a4 b4 18. Qe2 Nd4 19. Qh5 Nxb3 20. cxb3 Bxb3 21. Nf5 g6 22. Qg4 Qxf5 23. Qxf5 gxf5 24. Rac1 Bd4 25. Rxc7 Bb6 26. Rc6 Rab8 27. Rxf6 Bxa4 28. Rxf5 Bc2 29. Rg5+ Kf7 30. Rh5 Bxd3 31. Rh6 0-1